00570nam a2200133Ia 4500008004100000245019300041260002900234260000900263300000600272650001300278856005300291999001900344952007300363170516s9999 xx 000 0 und d aPorcine Pancreatic Lipase Inhibitory Agent Isolated from Medicinal Herb and Inhibition Kinetics of Extracts from Eleusine indica (L.) Gaertner, Siew Ling Ong, Siau Hui Mah, and How Yee Lai bJournal of Pharmaceutics c2016 a: xPharmacy uhttps://www.hindawi.com/journals/jphar/contents/ c331748d331748 001040aCLbCLd2017-05-16l0r2017-05-16 00:00:00w2017-05-16yFOJ